书目信息 |
| 题名: |
高速铁路城轨交通线路设计
|
|
| 作者: | 欧阳全裕 编著 | |
| 分册: | ||
| 出版信息: | 北京 中国建筑工业出版社 2019.01 |
|
| 页数: | 128页 | |
| 开本: | 28cm | |
| 丛书名: | ||
| 单 册: | ||
| 中图分类: | U212.3 | |
| 科图分类: | ||
| 主题词: | 铁路线路--铁路工程 | |
| 电子资源: | ||
| ISBN: | 978-7-112-22997-0 | |
| 000 | 00611nam0 2200193 450 | |
| 001 | 1961079096 | |
| 005 | 20190306165956.08 | |
| 010 | @a978-7-112-22997-0@dCNY36.00 | |
| 100 | @a20190306d2019 km y0chiy0120 ea | |
| 101 | 0 | @achi |
| 102 | @aCN@b110000 | |
| 200 | 1 | @a高速铁路城轨交通线路设计@Agao su tie lu cheng gui jiao tong xian lu she ji@f欧阳全裕编著@Fou yang quan yu bian zhu |
| 210 | @a北京@c中国建筑工业出版社@d2019.01 | |
| 215 | @a128页@d28cm | |
| 606 | 0 | @a铁路线路@x铁路工程 |
| 690 | @aU212.3@v4 | |
| 701 | 0 | @a欧阳全裕@Aou yang quan yu@4编著 |
| 801 | 0 | @aCN@bMUSE@c20190306 |
| 905 | @aMUSE@dU212.3@eO538 | |
| 高速铁路城轨交通线路设计/欧阳全裕编著.-北京:中国建筑工业出版社,2019.01 |
| 128页;28cm |
| ISBN 978-7-112-22997-0:CNY36.00 |
| ● |
| 相关链接 |
|
|
|
正题名:高速铁路城轨交通线路设计
索取号:U212.3/O538
 
预约/预借
| 序号 | 登录号 | 条形码 | 馆藏地/架位号 | 状态 | 备注 |
| 1 | 1305268 | 213052685 | 自科库501/501自科库 49排4列1层/ [索取号:U212.3/O538] | 在馆 |